|
|
|
|
| LEADER |
00000caa a22000002c 4500 |
| 001 |
1912579367 |
| 003 |
DE-627 |
| 005 |
20250115055003.0 |
| 007 |
cr uuu---uuuuu |
| 008 |
241217s2016 xx |||||o 00| ||eng c |
| 035 |
|
|
|a (DE-627)1912579367
|
| 035 |
|
|
|a (DE-599)KXP1912579367
|
| 040 |
|
|
|a DE-627
|b ger
|c DE-627
|e rda
|
| 041 |
|
|
|a eng
|
| 084 |
|
|
|a 2,1
|2 ssgn
|
| 100 |
1 |
|
|a Lum, Cynthia
|e VerfasserIn
|0 (DE-588)1051343496
|0 (DE-627)786038918
|0 (DE-576)188296972
|4 aut
|
| 109 |
|
|
|a Lum, Cynthia
|a Lum, Cynthia M.
|
| 245 |
1 |
0 |
|a Identifying Effective Investigative Practices: A National Study Using Trajectory Analysis
|
| 264 |
|
1 |
|b Center for Evidence-Based Crime Policy
|c 2016
|
| 336 |
|
|
|a Text
|b txt
|2 rdacontent
|
| 337 |
|
|
|a Computermedien
|b c
|2 rdamedia
|
| 338 |
|
|
|a Online-Ressource
|b cr
|2 rdacarrier
|
| 700 |
1 |
|
|a Vovak, Heather
|e VerfasserIn
|4 aut
|
| 700 |
1 |
|
|a Scott, Thomas L.
|e VerfasserIn
|4 aut
|
| 700 |
1 |
|
|a Wellford, Charles F.
|e VerfasserIn
|0 (DE-588)1204236127
|0 (DE-627)1689575484
|4 aut
|
| 773 |
0 |
8 |
|i Enthalten in
|t Trajectories of U.S. Crime Clearance Rates [Phase I Report]
|
| 787 |
0 |
8 |
|i Forschungsdaten
|a United States Department of Justice. Office of Justice Programs. Bureau of Justice Statistics
|t Law Enforcement Management and Administrative Statistics (LEMAS), 2007
|d [Erscheinungsort nicht ermittelbar] : [Verlag nicht ermittelbar], 2011
|w (DE-627)1840050217
|
| 787 |
0 |
8 |
|i Forschungsdaten
|a United States Department of Justice. Federal Bureau of Investigation
|t Uniform Crime Reporting Program Data: Offenses Known and Clearances by Arrest, 2013
|d [Erscheinungsort nicht ermittelbar] : [Verlag nicht ermittelbar], 2015
|w (DE-627)1840045809
|
| 787 |
0 |
8 |
|i Forschungsdaten
|a United States Department of Justice. Federal Bureau of Investigation
|t Uniform Crime Reporting Program Data: Offenses Known and Clearances by Arrest, 2012
|d [Erscheinungsort nicht ermittelbar] : [Verlag nicht ermittelbar], 2014
|w (DE-627)1840047194
|
| 787 |
0 |
8 |
|i Forschungsdaten
|a United States Department of Justice. Federal Bureau of Investigation.
|t Uniform Crime Reporting Program Data: Offenses Known and Clearances by Arrest, 2011
|d [Erscheinungsort nicht ermittelbar] : [Verlag nicht ermittelbar], 2013
|w (DE-627)1840048522
|
| 787 |
0 |
8 |
|i Forschungsdaten
|a United States Department of Justice. Federal Bureau of Investigation.
|t Uniform Crime Reporting Program Data: Offenses Known and Clearances by Arrest, 2010
|d [Erscheinungsort nicht ermittelbar] : [Verlag nicht ermittelbar], 2012
|w (DE-627)184004957X
|
| 787 |
0 |
8 |
|i Forschungsdaten
|a United States Department of Justice. Federal Bureau of Investigation
|t Uniform Crime Reporting Program Data: Offenses Known and Clearances by Arrest, 2009
|d [Erscheinungsort nicht ermittelbar] : [Verlag nicht ermittelbar], 2011
|w (DE-627)1840050012
|
| 787 |
0 |
8 |
|i Forschungsdaten
|a United States Department of Justice. Federal Bureau of Investigation
|t Uniform Crime Reporting Program Data (United States): Offenses Known and Clearances by Arrest, 2008
|d [Erscheinungsort nicht ermittelbar] : [Verlag nicht ermittelbar], 2010
|w (DE-627)1840053518
|
| 787 |
0 |
8 |
|i Forschungsdaten
|a United States Department of Justice. Federal Bureau of Investigation
|t Uniform Crime Reporting Program Data (United States): Offenses Known and Clearances by Arrest, 2007
|d [Erscheinungsort nicht ermittelbar] : [Verlag nicht ermittelbar], 2009
|w (DE-627)184005459X
|
| 787 |
0 |
8 |
|i Forschungsdaten
|a United States Department of Justice. Federal Bureau of Investigation
|t Uniform Crime Reporting Program Data (United States): Offenses Known and Clearances by Arrest, 2006
|d [Erscheinungsort nicht ermittelbar] : [Verlag nicht ermittelbar], 2008
|w (DE-627)1840056355
|
| 787 |
0 |
8 |
|i Forschungsdaten
|a United States Department of Justice. Federal Bureau of Investigation
|t Uniform Crime Reporting Program Data (United States): Offenses Known and Clearances by Arrest, 2005
|d [Erscheinungsort nicht ermittelbar] : [Verlag nicht ermittelbar], 2007
|w (DE-627)1840057211
|
| 787 |
0 |
8 |
|i Forschungsdaten
|a United States Department of Justice. Federal Bureau of Investigation
|t Uniform Crime Reporting Program Data (United States): Offenses Known and Clearances by Arrest, 2004
|d [Erscheinungsort nicht ermittelbar] : [Verlag nicht ermittelbar], 2006
|w (DE-627)184005865X
|
| 787 |
0 |
8 |
|i Forschungsdaten
|a United States Department of Justice. Federal Bureau of Investigation
|t Uniform Crime Reporting Program Data (United States): Offenses Known and Clearances by Arrest, 2003
|d [Erscheinungsort nicht ermittelbar] : [Verlag nicht ermittelbar], 2005
|w (DE-627)1840066210
|
| 787 |
0 |
8 |
|i Forschungsdaten
|a United States Department of Justice. Federal Bureau of Investigation
|t Uniform Crime Reporting Program Data (United States): Offenses Known and Clearances by Arrest, 2002
|d [Erscheinungsort nicht ermittelbar] : [Verlag nicht ermittelbar], 2004
|w (DE-627)1840064897
|
| 787 |
0 |
8 |
|i Forschungsdaten
|a United States Department of Justice. Federal Bureau of Investigation
|t Uniform Crime Reporting Program Data (United States): Offenses Known and Clearances by Arrest, 2001
|d [Erscheinungsort nicht ermittelbar] : [Verlag nicht ermittelbar], 2003
|w (DE-627)1840065419
|
| 787 |
0 |
8 |
|i Forschungsdaten
|a United States Department of Justice. Federal Bureau of Investigation
|t Uniform Crime Reporting Program Data (United States): Offenses Known and Clearances by Arrest, 2000
|d [Erscheinungsort nicht ermittelbar] : [Verlag nicht ermittelbar], 2002
|w (DE-627)1840065451
|
| 787 |
0 |
8 |
|i Forschungsdaten
|a United States Department of Justice. Federal Bureau of Investigation
|t Uniform Crime Reporting Program Data (United States): Offenses Known and Clearances by Arrest, 1999
|d [Erscheinungsort nicht ermittelbar] : [Verlag nicht ermittelbar], 2001
|w (DE-627)1840065303
|
| 787 |
0 |
8 |
|i Forschungsdaten
|a United States Department of Justice. Federal Bureau of Investigation
|t Uniform Crime Reporting Program Data (United States): Offenses Known and Clearances by Arrest, 1998
|d [Erscheinungsort nicht ermittelbar] : [Verlag nicht ermittelbar], 2000
|w (DE-627)1840064927
|
| 856 |
4 |
0 |
|u https://cebcp.org/wp-content/evidence-based-policing/TrajectoryClearance.pdf
|q application/pdf
|x Verlag
|z lizenzpflichtig
|3 Volltext
|7 1
|
| 935 |
|
|
|a mkri
|
| 951 |
|
|
|a AR
|
| ELC |
|
|
|a 1
|
| LOK |
|
|
|0 000 xxxxxcx a22 zn 4500
|
| LOK |
|
|
|0 001 4637544866
|
| LOK |
|
|
|0 003 DE-627
|
| LOK |
|
|
|0 004 1912579367
|
| LOK |
|
|
|0 005 20241217044543
|
| LOK |
|
|
|0 008 241217||||||||||||||||ger|||||||
|
| LOK |
|
|
|0 035
|a (DE-2619)ICPSR155826
|
| LOK |
|
|
|0 040
|a DE-2619
|c DE-627
|d DE-2619
|
| LOK |
|
|
|0 092
|o n
|
| LOK |
|
|
|0 852
|a DE-2619
|
| LOK |
|
|
|0 852 1
|9 00
|
| LOK |
|
|
|0 935
|a uvkn
|a nacp
|
| LOK |
|
|
|0 939
|a 17-12-24
|b l01
|
| ORI |
|
|
|a SA-MARC-krimdoka001.raw
|